000
00301nam a2200109Ia 4500
001
587447
005
20250717113816.0
008
250717s9999 xx 000 0 und d
245
0
_a
X-6 YENİ BAŞLAYANLAR İÇİN PERİYODİK TABLO
_c
GILL ARBUTHNOTT
260
_b
TÜBİTAK YAYINLARI
_c
2020
300
_b
18
999
_c
587447
_d
587447